| 000 -CABECERA |
| fixed length control field |
00732nam a22002057a 4500 |
| 003 - IDENTIFICADOR DEL NÚMERO DE CONTROL |
| control field |
AR-CdUCM |
| 008 - DATOS DE LONGITUD FIJA--INFORMACIÓN GENERAL |
| fixed length control field |
190430b ||||| |||| 00| 0 spa d |
| 040 ## - FUENTE DE LA CATALOGACIÓN |
| Agencia/entidad que catalogó originalmente la obra |
MUNICIPALIDAD PROVINCIAL DEL CUSCO |
| Entidad que transcribió la catalogación |
BIBLIOTECA MUNICIPAL DEL CUSCO |
| 082 ## - NÚMERO DE LA CLASIFICACIÓN DECIMAL DEWEY |
| No. de Clasificación |
868.39 / |
| Notacion interna |
H46 |
| 100 ## - ENTRADA PRINCIPAL--NOMBRE DE PERSONA |
| Nombre Personal |
Herrero Salgado, Felix |
| 245 ## - MENCIÓN DE TÍTULO |
| Título |
Narraciones de la España renacentista / |
| 260 ## - PUBLICACIÓN, DISTRIBUCIÓN, ETC. |
| Lugar de publicación, distribución, etc. |
Madrid : |
| Nombre de la editorial, distribuidor, etc. |
Magisterio español, |
| Fecha de publicación, distribución, etc. |
1969. |
| 300 ## - DESCRIPCIÓN FÍSICA |
| Nº de Páginas Extensión |
197 páginas ; |
| Dimensiones |
18 cm. |
| 505 ## - NOTA DE CONTENIDO CON FORMATO |
| Nota de contenido formateada |
Contenido : Floresta española de apotegmas y sentencias Melchor de Santa Cruz-- Las seyscientas apotegmas Juan Fufo ... |
| 650 ## - PUNTO DE ACCESO ADICIONAL DE MATERIA--TÉRMINO DE MATERIA |
| Descriptor |
Narraciones |
| 9 (RLIN) |
930 |
| 650 ## - PUNTO DE ACCESO ADICIONAL DE MATERIA--TÉRMINO DE MATERIA |
| Descriptor |
Renacentista |
| 9 (RLIN) |
5726 |
| 650 ## - PUNTO DE ACCESO ADICIONAL DE MATERIA--TÉRMINO DE MATERIA |
| Descriptor |
España |
| 9 (RLIN) |
176 |
| 942 ## - ELEMENTOS DE PUNTO DE ACCESO ADICIONAL (KOHA) |
| Fuente de clasificación |
|
| Tipo de item |
Libros-BMC |
| 945 ## - PROCESAMIENTO DE INFORMACIÓN LOCAL (OCLC) |
| Catalogador |
rah |
| AAAA-MM-DD - Fecha de ingreso o modificacion |
30/04/2019 |